00454nam a22001577a 450000500170000001000150001702000260003203500140005803700130007208200060008510000170009124500750010826000380018327000540022130000210027520221012145947.0 aENG-135390 a9789380032443c350.00 aEN-118922 bDBAD/PUB aS aZaidi, Annie aKnown Turf:bBantering with Bandits and Other True Tales/cAnnie Zaidi aNew DelhibTranquebar Pressc2013 a47, Brij Mohan Road, DaryaganjbNew Delhie110002 a280p.c20cm(pbk)